Les Meilleurs buteurs de la Ligue 1 2013-2014 - Statistiques

Statistiques générales
  • Ce quiz a été pris 58 fois
  • Le résultat moyen est 7 sur 11
Statistiques - réponses
Buts Nationalité Club Joueur % Correct
26 Suède Paris Saint-Germain Zlatan Ibrahimović
100%
16 Uruguay Paris Saint-Germain Edinson Cavani
93%
16 France Olympique de Marseille André-Pierre Gignac
91%
15 France Olympique lyonnais Alexandre Lacazette
87%
16 France Toulouse FC Wissam Ben Yedder
76%
14 France Olympique lyonnais Bafétimbi Gomis
45%
12 Turquie AS Saint-Étienne Mevlüt Erding
44%
12 Mali Girondins de Bordeaux Cheick Diabaté
40%
16 Cameroun FC Lorient Vincent Aboubakar
40%
16 Côte d'Ivoire LOSC Lille Salomon Kalou
38%
14 France Montpellier HSC Rémy Cabella
29%
Aucun quiz correspondant
Distribution des résultats
% des personnes avec chaque résultat
Percentile par nombre de réponses
Votre historique - résultats
Vous n’avez pas pris ce quiz